The financial reforms in china (Record no. 524203)

000 -LEADER
fixed length control field 00351nam a22001457a 4500
020 ## - INTERNATIONAL STANDARD BOOK NUMBER
International Standard Book Number 9787300246949
040 ## - CATALOGING SOURCE
Transcribing agency NUST
082 ## - DEWEY DECIMAL CLASSIFICATION NUMBER
Classification number 332.0951
Author Mark FIN
100 ## - MAIN ENTRY--PERSONAL NAME
Personal name Yongsheng Zhao
9 (RLIN) 15019
245 ## - TITLE STATEMENT
Title The financial reforms in china
260 ## - PUBLICATION, DISTRIBUTION, ETC.
Place of publication, distribution, etc. China
Name of publisher, distributor, etc. renmin university press
Date of publication, distribution, etc. 2017
300 ## - PHYSICAL DESCRIPTION
Extent ill,311.p,:
500 ## - GENERAL NOTE
General note P.B
942 ## - ADDED ENTRY ELEMENTS (KOHA)
Source of classification or shelving scheme
Koha item type Book
Holdings
Withdrawn status Lost status Source of classification or shelving scheme Damaged status Not for loan Permanent Location Current Location Date acquired Total Checkouts Full call number Barcode Date last seen Price effective from Koha item type Shelving location Source of acquisition Date last checked out
          Central Library (CL) Central Library (CL) 06/18/2019   332.0951 FIN CL-D-385 06/18/2019 06/18/2019 Book      
          Central Library (CL) Central Library (CL) 11/22/2019 1 332.0951 YON CL-D-780 02/22/2024 11/22/2019 Book Chinese Studies Donation 08/02/2023
© 2023 Central Library, National University of Sciences and Technology. All Rights Reserved.